MARC

LEADER 00000nam0a2200000 4500
001 261338
005 20231101233545.0
020 |a RU  |b 86-41475 
035 |a (RuTPU)RU\TPU\book\284314 
090 |a 261338 
100 |a 20140522d1986 k y0rusy5003 ca 
101 1 |a rus  |c eng 
102 |a RU 
105 |a a z 001zy 
200 1 |a Квантовые процессы в полупроводниках  |e пер. с англ.  |f Б. Ридли 
210 |a Москва  |c Мир  |d 1986 
215 |a 304 с.  |c ил. 
320 |a Библиогр. в конце глав. 
606 1 |a Полупроводники  |x Зонная теория  |2 stltpush  |3 (RuTPU)RU\TPU\subj\50560  |9 69213 
610 1 |a зонная структура 
610 1 |a адиабатическое приближение 
610 1 |a функции Блоха 
610 1 |a спин 
610 1 |a сплавы 
610 1 |a энергетические уровни 
610 1 |a осцилляции Зинера-Блоха 
610 1 |a уровни Ландау 
610 1 |a рассеяние 
610 1 |a излучательные переходы 
610 1 |a безызлучательные переходы 
675 |a 537.311.322:530.145  |v 3 
700 1 |a Ридли  |b Б. 
801 0 |a RU  |b RuMRKP  |c 19950704  |g psbo 
801 1 |a RU  |b 63413507  |c 20140522 
801 2 |a RU  |b 63413507  |c 20190117  |g RCR 
942 |c BK